000 00556nam a22001817a 4500
005 20251108174906.0
008 250721s9999 xx 000 0 ara d
082 1 4 _a811.1009/ز
100 1 _aالزبيدي، عبد المنعم خضر
245 1 0 _aمقدمة لدراسة الشعر الجاهلي /
264 1 _aبنغازي :
_bجامعة قاريونس،
_c{19-}.
300 _a559ص.
650 1 7 _aالنقد الأدبي
650 1 7 _aالشعر العربي
650 1 7 _aالشعر الجاهلي
942 _2ddc
_cBK
999 _c120781
_d120781